[Event "Sicilian Thematic III - Smith Morra Gambit"]
[Site "SchemingMind.com"]
[Date "2006.01.12"]
[Round "-"]
[White "pietronagual"]
[Black "banong"]
[Result "1-0"]
[WhiteCountry "ESP"]
[BlackCountry "PHI"]
[WhiteElo "2282"]
[WhiteRD "133"]
[BlackElo "1877"]
[BlackRD "77"]
[GameID "35966"]

1. e4 c5 2. d4 cxd4 3. Nf3 e5 4. Bc4 Qc7 5. Qe2 Bb4+ 6. c3 dxc3 7. Nxc3 h6 8. Bd2 Ne7 9. Nb5 Bxd2+ 10. Qxd2 Qb6
11. Nd6+ Kf8 12. Nxe5 Nbc6 13. Nexf7 g5 14. Nxh8 Ne5 15. f4 Nxc4 16. Nxc4 Qe6 17. O-O g4 18. f5 Qxc4 19. f6 Ng8 20. Qd6+ Ke8
21. f7+
1-0

[Event "Sicilian Thematic III - Smith Morra Gambit"]
[Site "SchemingMind.com"]
[Date "2006.01.12"]
[Round "-"]
[White "KingPiece52"]
[Black "Oskyrain"]
[Result "0-1"]
[WhiteCountry "USA"]
[BlackCountry "ARG"]
[WhiteElo "1141"]
[WhiteRD "132"]
[BlackElo "2163"]
[BlackRD "85"]
[GameID "35970"]

1. e4 c5 2. d4 e6 3. Nf3 cxd4 4. Nxd4 Nf6 5. Nc3 Bb4 6. e5 Qc7 7. exf6 Bxc3+ 8. bxc3 Qxc3+ 9. Qd2 Qxa1 10. c3 Qb1
11. Bd3 Qb6 12. fxg7 Rg8 13. Qg5 Qd8 14. Qxd8+ Kxd8 15. Bg5+ Kc7 16. Bf6 d6 17. Bxh7 Nd7 18. Bxg8 Nxf6 19. Bxf7 e5 20. Nb5+ Kc6
0-1

[Event "Sicilian Thematic III - Smith Morra Gambit"]
[Site "SchemingMind.com"]
[Date "2006.01.12"]
[Round "-"]
[White "KingPiece52"]
[Black "Brerrabbit"]
[Result "0-1"]
[WhiteCountry "USA"]
[BlackCountry "SCO"]
[WhiteElo "1144"]
[WhiteRD "129"]
[BlackElo "1286"]
[BlackRD "65"]
[GameID "35971"]

1. e4 c5 2. d4 cxd4 3. c3 dxc3 4. Nxc3 Nc6 5. Bc4 Nf6 6. Nf3 Qa5 7. O-O Ng4 8. h3 e6 9. hxg4 Bc5 10. Bd2 Qc7
11. Nb5 Qb8 12. b4 Bd6 13. Nxd6+ Qxd6 14. Bc3 Qf4 15. b5 Ne5 16. Nxe5 Qxe4
0-1

[Event "Sicilian Thematic III - Smith Morra Gambit"]
[Site "SchemingMind.com"]
[Date "2006.01.14"]
[Round "-"]
[White "KingPiece52"]
[Black "Casper"]
[Result "1-0"]
[WhiteCountry "USA"]
[BlackCountry "AUS"]
[WhiteElo "1137"]
[WhiteRD "138"]
[BlackElo "1312"]
[BlackRD "107"]
[GameID "35972"]

1. e4 c5 2. d4 cxd4 3. c3 dxc3 4. Nxc3 Nc6 5. Nf3 d6 6. Bc4 e5 7. O-O Nf6 8. Ng5 Be6 9. Bxe6 fxe6 10. Nxe6 Qe7
11. Nd5 Qd7 12. Nec7+ Kf7 13. Nxa8
1-0

[Event "Sicilian Thematic III - Smith Morra Gambit"]
[Site "SchemingMind.com"]
[Date "2006.01.12"]
[Round "-"]
[White "KingPiece52"]
[Black "KaliYuga"]
[Result "0-1"]
[WhiteCountry "USA"]
[BlackCountry "IRL"]
[WhiteElo "1141"]
[WhiteRD "132"]
[BlackElo "1924"]
[BlackRD "64"]
[GameID "35973"]

1. e4 c5 2. d4 cxd4 3. c3 dxc3 4. Nxc3 d6 5. Nf3 Nf6 6. e5 dxe5 7. Qxd8+ Kxd8 8. Nxe5 e6 9. Nxf7+ Ke8 10. Nxh8 Nc6
11. Bg5 Bb4 12. O-O-O Bxc3 13. bxc3 Ne4 14. h4 Nxf2 15. Bb5 Nxd1 16. Rxd1 Bd7 17. Nf7 h6 18. Nd6+ Kf8 19. Nxb7 a6 20. Ba4 hxg5
21. Rxd7 Ne5
0-1

[Event "Sicilian Thematic III - Smith Morra Gambit"]
[Site "SchemingMind.com"]
[Date "2006.01.13"]
[Round "-"]
[White "KingPiece52"]
[Black "banong"]
[Result "0-1"]
[WhiteCountry "USA"]
[BlackCountry "PHI"]
[WhiteElo "1137"]
[WhiteRD "134"]
[BlackElo "1731"]
[BlackRD "77"]
[GameID "35975"]

1. e4 c5 2. d4 cxd4 3. c3 dxc3 4. Nxc3 e5 5. Nf3 Nc6 6. Bc4 Bb4 7. O-O Bxc3 8. bxc3 h6 9. Ba3 Nge7 10. Qd6 O-O
11. Nxe5 Nxe5 12. Qxe5 Re8 13. Qh5 Rf8 14. Bd6 b6 15. Qe5 Ng6 16. Qd5 Bb7 17. Qxb7 Re8 18. f4 Ne7 19. Bc7 Qc8 20. Ba6 Rf8
21. Qxc8 Raxc8 22. Bxc8 Nxc8 23. Rad1 Re8 24. Rxd7 Ne7 25. Rfd1 Ng6 26. f5 Nf8 27. Rd8 Rxe4
0-1

[Event "Sicilian Thematic III - Smith Morra Gambit"]
[Site "SchemingMind.com"]
[Date "2006.01.12"]
[Round "-"]
[White "KingPiece52"]
[Black "pietronagual"]
[Result "0-1"]
[WhiteCountry "USA"]
[BlackCountry "ESP"]
[WhiteElo "1144"]
[WhiteRD "129"]
[BlackElo "2282"]
[BlackRD "133"]
[GameID "35976"]

1. e4 c5 2. d4 cxd4 3. c3 dxc3 4. Nxc3 Nc6 5. Nf3 d6 6. Bc4 e6 7. O-O Nf6 8. Qe2 a6 9. Rd1 Qc7 10. Bf4 Be7
11. Rac1 O-O 12. h3 Ne5 13. Bb3 Qb8 14. g4 b5 15. g5 Nfd7 16. Qe3 a5
0-1

[Event "Sicilian Thematic III - Smith Morra Gambit"]
[Site "SchemingMind.com"]
[Date "2006.01.12"]
[Round "-"]
[White "Oskyrain"]
[Black "KingPiece52"]
[Result "1-0"]
[WhiteCountry "ARG"]
[BlackCountry "USA"]
[WhiteElo "2163"]
[WhiteRD "85"]
[BlackElo "1141"]
[BlackRD "132"]
[GameID "35977"]

1. e4 c5 2. d4 cxd4 3. Nf3 d6 4. Nxd4 Nf6 5. Nc3 a6 6. Be2 e6 7. O-O Be7 8. Be3 Nc6 9. Qd2 Bd7 10. f4 O-O
11. Bf3 Qc7 12. Rad1 Rac8 13. Nde2 b5 14. a3 Na5 15. b3 h5 16. Bd4 Nc6 17. Bf2 Ng4 18. Bxg4 hxg4 19. b4 Nb8= 20. f5 Qc4
21. Bg3 e5 22. Nd5
1-0

[Event "Sicilian Thematic III - Smith Morra Gambit"]
[Site "SchemingMind.com"]
[Date "2006.01.12"]
[Round "-"]
[White "Brerrabbit"]
[Black "KingPiece52"]
[Result "1-0"]
[WhiteCountry "SCO"]
[BlackCountry "USA"]
[WhiteElo "1286"]
[WhiteRD "65"]
[BlackElo "1144"]
[BlackRD "129"]
[GameID "35978"]

1. e4 c5 2. d4 e6 3. Nf3 cxd4 4. c3 dxc3 5. Nxc3 Nc6 6. Bg5 Be7 7. Bb5 Bxg5 8. h4 Bf6 9. Qd2 Bxc3 10. bxc3 Nf6
11. O-O Nxe4 12. Qe3 d5 13. Rad1 Qa5 14. Bc4 Nxc3 15. Rd3 Ne4 16. Bb3 O-O 17. Ng5
1-0

[Event "Sicilian Thematic III - Smith Morra Gambit"]
[Site "SchemingMind.com"]
[Date "2006.01.12"]
[Round "-"]
[White "Casper"]
[Black "KingPiece52"]
[Result "0-1"]
[WhiteCountry "AUS"]
[BlackCountry "USA"]
[WhiteElo "1312"]
[WhiteRD "107"]
[BlackElo "1137"]
[BlackRD "138"]
[GameID "35979"]

1. e4 c5 2. d4 cxd4 3. c3 dxc3 4. Nxc3 Nc6 5. Bc4 e6 6. Nf3 a6 7. a3 Nge7 8. O-O Ng6 9. Qe2 b5 10. Ba2 Bb7
11. Rd1 Be7 12. Be3 O-O 13. Rac1 Rc8
0-1

[Event "Sicilian Thematic III - Smith Morra Gambit"]
[Site "SchemingMind.com"]
[Date "2006.01.12"]
[Round "-"]
[White "KaliYuga"]
[Black "KingPiece52"]
[Result "1-0"]
[WhiteCountry "IRL"]
[BlackCountry "USA"]
[WhiteElo "1924"]
[WhiteRD "64"]
[BlackElo "1141"]
[BlackRD "132"]
[GameID "35980"]

1. e4 c5 2. d4 e6 3. c3 d5 4. e5 Nc6 5. Nf3 Bd7 6. Bg5 Be7 7. Bxe7 Ngxe7 8. Bd3 cxd4 9. cxd4 Qb6 10. O-O Nxd4
11. b3 Nxf3+ 12. Qxf3 Nc6 13. Qf4 Nb4 14. Rd1 Rc8 15. Na3 Qa5 16. Nb5 Bxb5 17. Bxb5+ Qxb5 18. a4 Qb6 19. a5 Qb5 20. Ra4 Nd3
21. Qd4
1-0

[Event "Sicilian Thematic III - Smith Morra Gambit"]
[Site "SchemingMind.com"]
[Date "2006.01.12"]
[Round "-"]
[White "Louis Lima"]
[Black "KingPiece52"]
[Result "0-1"]
[WhiteCountry "ESP"]
[BlackCountry "USA"]
[WhiteElo "1717"]
[WhiteRD "56"]
[BlackElo "1112"]
[BlackRD "141"]
[GameID "35981"]

1. e4 c5 2. d4 e6 3. Nf3 cxd4 4. Nxd4 Nc6 5. Nc3 Qc7 6. Ndb5 Qb8 7. Bg5 a6 8. Nd4 h6 9. Bh4 Bd6 10. Nxe6 dxe6
11. Qg4 Be5 12. O-O-O Nf6 13. Qxg7 Rg8 14. Qxh6 Bf4+
0-1

[Event "Sicilian Thematic III - Smith Morra Gambit"]
[Site "SchemingMind.com"]
[Date "2006.01.12"]
[Round "-"]
[White "banong"]
[Black "KingPiece52"]
[Result "1-0"]
[WhiteCountry "PHI"]
[BlackCountry "USA"]
[WhiteElo "1731"]
[WhiteRD "77"]
[BlackElo "1137"]
[BlackRD "134"]
[GameID "35982"]

1. e4 c5 2. d4 cxd4 3. Nf3 d6 4. Nxd4 Nf6 5. Nc3 a6 6. Bc4 e6 7. Bg5 Be7 8. Qe2 O-O 9. O-O Nxe4 10. Bxe7 Nxc3
11. Bxd8 Nxe2+ 12. Nxe2 Rxd8 13. Rad1 d5 14. f4 Nd7 15. Bd3 Nc5 16. Ng3 Bd7 17. f5 e5 18. f6 Bg4 19. Rde1 e4 20. Be2 Be6
21. fxg7 Kxg7 22. Nh5+ Kf8 23. Rf6 Ke7 24. Ref1 d4 25. Ng7 d3 26. cxd3 exd3 27. Bd1 Bxa2 28. Bh5
1-0

[Event "Sicilian Thematic III - Smith Morra Gambit"]
[Site "SchemingMind.com"]
[Date "2006.01.12"]
[Round "-"]
[White "pietronagual"]
[Black "KingPiece52"]
[Result "1-0"]
[WhiteCountry "ESP"]
[BlackCountry "USA"]
[WhiteElo "2308"]
[WhiteRD "125"]
[BlackElo "1141"]
[BlackRD "132"]
[GameID "35983"]

1. e4 c5 2. d4 e6 3. d5 exd5 4. exd5 d6 5. Nf3 Nf6 6. c4 Be7 7. Bd3 Bg4 8. Nbd2 O-O 9. O-O Re8 10. Qc2 Nbd7
11. Re1 Bf8 12. Rxe8 Qxe8 13. h3 Bh5 14. b3 Ne5 15. Nxe5 dxe5 16. Bb2 Bd6 17. Re1
1-0

[Event "Sicilian Thematic III - Smith Morra Gambit"]
[Site "SchemingMind.com"]
[Date "2006.01.15"]
[Round "-"]
[White "dinoladetto"]
[Black "Oskyrain"]
[Result "0-1"]
[WhiteCountry "ITA"]
[BlackCountry "ARG"]
[WhiteElo "1799"]
[WhiteRD "81"]
[BlackElo "2115"]
[BlackRD "74"]
[GameID "36231"]

1. e4 c5 2. d4 cxd4 3. c3 dxc3 4. Nxc3 e5 5. Nf3 Nc6 6. Bc4 Bb4 7. Qb3 Bxc3+ 8. bxc3 Qf6 9. Bg5 Qg6 10. O-O-O Na5
11. Qb5 Nxc4 12. Qxc4 f6 13. Rd6 Ne7 14. Rhd1 h6 15. Qa4 b5 16. Qxb5 hxg5 17. Nxe5 Qxe4 18. Rxd7 O-O 19. Rxe7 fxe5 20. f3 Qe3+
21. Kb2 Be6 22. Qb7 Kh8 23. Rxg7 Qe2+ 24. Kc1 Bf5 25. Rd2 Qe1+
0-1

[Event "Sicilian Thematic III - Smith Morra Gambit"]
[Site "SchemingMind.com"]
[Date "2006.01.15"]
[Round "-"]
[White "dinoladetto"]
[Black "KingPiece52"]
[Result "1-0"]
[WhiteCountry "ITA"]
[BlackCountry "USA"]
[WhiteElo "1821"]
[WhiteRD "84"]
[BlackElo "1144"]
[BlackRD "129"]
[GameID "36232"]

1. e4 c5 2. d4 cxd4 3. c3 dxc3 4. Nxc3 Nc6 5. Nf3 e6 6. Be3 Nf6 7. Nd4 Bb4 8. Bc4 Bxc3+ 9. bxc3 Qa5 10. Qb3 Nxe4
11. O-O d5 12. Bb5 Bd7 13. Nxc6 Bxc6 14. Bxc6+ bxc6 15. c4 O-O 16. Rac1 Rab8 17. Qc2
1-0

[Event "Sicilian Thematic III - Smith Morra Gambit"]
[Site "SchemingMind.com"]
[Date "2006.01.20"]
[Round "-"]
[White "dinoladetto"]
[Black "Brerrabbit"]
[Result "1-0"]
[WhiteCountry "ITA"]
[BlackCountry "SCO"]
[WhiteElo "1810"]
[WhiteRD "82"]
[BlackElo "1300"]
[BlackRD "66"]
[GameID "36233"]

1. e4 c5 2. d4 cxd4 3. c3 d5 4. Qxd4 Nc6 5. Qxd5 Nf6 6. Qxd8+ Nxd8 7. e5 Ne4 8. Be3 e6 9. b4 Nc6 10. Bd3 f5
11. f3 Ne7 12. fxe4 fxe4 13. Bxe4 Ng6 14. Nf3 Bd7 15. Bxb7 Rb8 16. Be4 Rb5 17. a4 Rb8 18. Bxa7 Rc8 19. Bb7 Rc7 20. Be4 Rxa7
21. a5 Be7 22. Na3 O-O 23. O-O Nf4 24. Nd4 Rc7 25. Rac1 g6 26. Nb1 Kh8 27. g3 Nh3+ 28. Kg2 Ng5 29. Rxf8+ Bxf8 30. Bd3 Bxb4
31. cxb4 Rxc1 32. a6 Rc8 33. b5 Nf7 34. b6 Nxe5 35. Be4 Bc6 36. Nxc6 Nxc6 37. b7 Rb8 38. Bxc6 e5 39. a7
1-0

[Event "Sicilian Thematic III - Smith Morra Gambit"]
[Site "SchemingMind.com"]
[Date "2006.01.15"]
[Round "-"]
[White "dinoladetto"]
[Black "Casper"]
[Result "1-0"]
[WhiteCountry "ITA"]
[BlackCountry "AUS"]
[WhiteElo "1810"]
[WhiteRD "82"]
[BlackElo "1360"]
[BlackRD "91"]
[GameID "36234"]

1. e4 c5 2. d4 cxd4 3. Nf3 d6 4. Nxd4 e5 5. Bb5+ Nd7 6. Nf5 a6 7. Ba4 b5 8. Bb3 g6 9. Nxd6+ Bxd6 10. Qxd6 Ngf6
11. Bg5 Qe7 12. Qxe7+ Kxe7 13. Nc3
1-0

[Event "Sicilian Thematic III - Smith Morra Gambit"]
[Site "SchemingMind.com"]
[Date "2006.01.15"]
[Round "-"]
[White "dinoladetto"]
[Black "KaliYuga"]
[Result "0-1"]
[WhiteCountry "ITA"]
[BlackCountry "IRL"]
[WhiteElo "1754"]
[WhiteRD "79"]
[BlackElo "1924"]
[BlackRD "64"]
[GameID "36235"]

1. e4 c5 2. d4 cxd4 3. c3 dxc3 4. Nxc3 Nc6 5. Nf3 d6 6. Bc4 e6 7. O-O Nf6 8. Bg5 Be7 9. Qc2 a6 10. Rad1 b5
11. Bb3 Bb7 12. e5 Nd7 13. Bxe7 Nxe7 14. exd6 Ng6 15. Ng5 Qxg5 16. Ne4 Qe5 17. Rfe1 Rc8 18. Qe2 O-O 19. f3 Bxe4 20. Qxe4 Qxb2
21. Re2 Qe5 22. Qd3 Qc5+ 23. Kf1 Nf4 24. Qd2 Nxe2 25. Qxe2 Rc6 26. Bxe6 fxe6 27. Qxe6+ Rf7 28. Qe8+ Nf8 29. d7 Qc4+ 30. Ke1 Rxd7
31. Rxd7 Re6+
0-1

[Event "Sicilian Thematic III - Smith Morra Gambit"]
[Site "SchemingMind.com"]
[Date "2006.01.16"]
[Round "-"]
[White "dinoladetto"]
[Black "banong"]
[Result "1-0"]
[WhiteCountry "ITA"]
[BlackCountry "PHI"]
[WhiteElo "1821"]
[WhiteRD "84"]
[BlackElo "1877"]
[BlackRD "77"]
[GameID "36237"]

1. e4 c5 2. d4 cxd4 3. Nf3 Nc6 4. Nxd4 e6 5. Nc3 Bb4 6. Nb5 Nge7 7. Nd6+ Bxd6 8. Qxd6 O-O 9. Bg5 f6 10. Be3 a6
11. Bc5 Re8 12. O-O-O b6 13. Be3 Ng6 14. f4 b5 15. g4 e5 16. f5 Nge7 17. g5 fxg5 18. Bxg5 Qa5 19. f6 gxf6 20. Bxf6 Ng6
21. h4 Re6 22. Qd5 Nf4 23. Rg1+ Ng6 24. h5 Kf7 25. Bh3 Kxf6 26. hxg6 hxg6 27. Bxe6 dxe6 28. Qxc6 Ra7 29. Rdf1+ Kg7 30. Qxc8
1-0

[Event "Sicilian Thematic III - Smith Morra Gambit"]
[Site "SchemingMind.com"]
[Date "2006.01.15"]
[Round "-"]
[White "dinoladetto"]
[Black "pietronagual"]
[Result "0-1"]
[WhiteCountry "ITA"]
[BlackCountry "ESP"]
[WhiteElo "1810"]
[WhiteRD "82"]
[BlackElo "2260"]
[BlackRD "137"]
[GameID "36238"]

1. e4 c5 2. d4 cxd4 3. c3 dxc3 4. Nxc3 Nc6 5. Nf3 d6 6. Bc4 e6 7. Be3 Nf6 8. O-O Be7 9. Qb3 O-O 10. Rad1 Na5
11. Qa4 Nxc4 12. Qxc4 Qa5 13. a3 Bd7 14. Nd4 Qh5 15. h3 Rac8 16. Qb3 b5 17. Ndxb5 Rb8 18. Bxa7 Rxb5 19. Nxb5 Bxb5 20. Rfe1 Bc6
21. g4 Qh4 22. f4 Nxe4 23. Qf3 Ra8 24. Bd4 e5 25. fxe5 dxe5 26. Bxe5 Bc5+ 27. Bd4 Bxd4+ 28. Rxd4 Qxe1+
0-1

[Event "Sicilian Thematic III - Smith Morra Gambit"]
[Site "SchemingMind.com"]
[Date "2006.01.16"]
[Round "-"]
[White "Oskyrain"]
[Black "dinoladetto"]
[Result "1-0"]
[WhiteCountry "ARG"]
[BlackCountry "ITA"]
[WhiteElo "2138"]
[WhiteRD "77"]
[BlackElo "1810"]
[BlackRD "82"]
[GameID "36239"]

1. e4 c5 2. d4 e6 3. d5 Nf6 4. Nc3 Be7 5. d6 Bf8 6. e5 Ng8 7. Nb5 Na6 8. Be3 g6 9. Bxc5 Bg7 10. Bd4 Nh6
11. Nxa7 Nf5 12. c3 Nxd4 13. Qxd4 Qg5 14. f4 Qh6 15. g3 O-O 16. Bg2 f6 17. Nxc8 Raxc8 18. Bxb7 fxe5 19. Qb6 exf4 20. Bxc8 fxg3
21. Ne2 g2 22. Rg1 Qh4+ 23. Ng3 Qxh2 24. O-O-O Qxg3 25. Qxa6 Qe3+ 26. Kb1 Rf2 27. Qc4 Qf3 28. Bxd7 Qb7 29. Bxe6+
1-0

[Event "Sicilian Thematic III - Smith Morra Gambit"]
[Site "SchemingMind.com"]
[Date "2006.01.16"]
[Round "-"]
[White "KingPiece52"]
[Black "dinoladetto"]
[Result "0-1"]
[WhiteCountry "USA"]
[BlackCountry "ITA"]
[WhiteElo "1144"]
[WhiteRD "129"]
[BlackElo "1821"]
[BlackRD "84"]
[GameID "36240"]

1. e4 c5 2. d4 e6 3. Nf3 Nf6 4. Nc3 d5 5. exd5 exd5 6. Bg5 Be6 7. Bb5+ Nbd7 8. O-O Be7 9. dxc5 O-O 10. c6 bxc6
11. Bxc6 Rb8 12. Nxd5 Nxd5 13. Bxd5 Bxd5 14. Qxd5 Bxg5 15. Nxg5 h6 16. Nf3 Rxb2 17. Rfd1 Rxc2
0-1

[Event "Sicilian Thematic III - Smith Morra Gambit"]
[Site "SchemingMind.com"]
[Date "2006.01.16"]
[Round "-"]
[White "Brerrabbit"]
[Black "dinoladetto"]
[Result "0-1"]
[WhiteCountry "SCO"]
[BlackCountry "ITA"]
[WhiteElo "1300"]
[WhiteRD "66"]
[BlackElo "1810"]
[BlackRD "82"]
[GameID "36241"]

1. e4 c5 2. d4 e6 3. d5 e5 4. Nf3 d6 5. Bb5+ Bd7 6. Bxd7+ Nxd7 7. Bg5 Be7 8. Qd2 Ngf6 9. Nc3 h6 10. Bxf6 Nxf6
11. O-O a6 12. Nh4 Nxe4 13. Nxe4 Bxh4 14. g3 Be7 15. f4 f5 16. Nc3 e4 17. Rae1 b5 18. g4 g6 19. Re3 Qb6 20. gxf5 gxf5
21. Qg2 O-O-O 22. Rg3 Bf6 23. Rg6 Bxc3 24. bxc3 c4+ 25. Kh1 Qc5 26. Rd1 Qe3 27. Rf6 Qxf4 28. Rf1 Qg4 29. R1xf5 Qxg2+ 30. Kxg2 Rhg8+
31. Kf2 Rg5 32. Ke3 Kc7 33. Kxe4 Re8+ 34. Kf4 Re2 35. Rxh6 Rxf5+ 36. Kxf5 Re5+ 37. Kf4 Rxd5 38. Rh7+ Kc6 39. Ke4 Rd2 40. h4 Rxc2
41. h5 Rxc3 42. h6 Rc2 43. Rg7 Rxa2 44. h7 Rh2 45. Kf4 c3 46. Kg3 Rh6
0-1

[Event "Sicilian Thematic III - Smith Morra Gambit"]
[Site "SchemingMind.com"]
[Date "2006.01.16"]
[Round "-"]
[White "Casper"]
[Black "dinoladetto"]
[Result "0-1"]
[WhiteCountry "AUS"]
[BlackCountry "ITA"]
[WhiteElo "1360"]
[WhiteRD "91"]
[BlackElo "1810"]
[BlackRD "82"]
[GameID "36242"]

1. e4 c5 2. d4 cxd4 3. c3 dxc3 4. Nxc3 Nc6 5. Nf3 d6 6. Bc4 Nf6 7. O-O a6 8. Qe2 Bg4 9. h3 Bh5 10. Bg5 Bxf3
11. Qxf3 Ne5 12. Qe2 Nxc4 13. Qxc4 Rc8
0-1

[Event "Sicilian Thematic III - Smith Morra Gambit"]
[Site "SchemingMind.com"]
[Date "2006.01.16"]
[Round "-"]
[White "KaliYuga"]
[Black "dinoladetto"]
[Result "1-0"]
[WhiteCountry "IRL"]
[BlackCountry "ITA"]
[WhiteElo "1924"]
[WhiteRD "64"]
[BlackElo "1754"]
[BlackRD "79"]
[GameID "36243"]

1. e4 c5 2. d4 cxd4 3. c3 dxc3 4. Nxc3 Nc6 5. Bc4 e6 6. Nf3 Bb4 7. Bd2 Nf6 8. Qc2 Qc7 9. O-O Nd4 10. Nb5 Nxc2
11. Nxc7+ Kd8 12. Nxa8 Bxd2 13. Nxd2 Nxa1 14. e5 Ng4 15. Rxa1 Nxe5 16. Re1 Nxc4 17. Nxc4 d5 18. Ne5 Rf8 19. Rc1 f6 20. Nf3 Rf7
21. Nd4 b6 22. Nc6+ Ke8 23. Nxa7 Rxa7 24. Rxc8+ Kd7 25. Nxb6+ Ke7 26. a4 Kd6 27. b4 Rc7 28. Rxc7 Kxc7 29. a5 d4 30. b5 e5
31. Kf1 f5 32. Nc4 e4 33. a6 f4 34. b6+ Kb8 35. Na5
1-0

[Event "Sicilian Thematic III - Smith Morra Gambit"]
[Site "SchemingMind.com"]
[Date "2006.01.16"]
[Round "-"]
[White "banong"]
[Black "dinoladetto"]
[Result "1-0"]
[WhiteCountry "PHI"]
[BlackCountry "ITA"]
[WhiteElo "1877"]
[WhiteRD "77"]
[BlackElo "1821"]
[BlackRD "84"]
[GameID "36245"]

1. e4 c5 2. d4 e6 3. c3 d5 4. dxc5 Bxc5 5. exd5 exd5 6. Nf3 Nc6 7. Bb5 Qe7+ 8. Be2 Nf6 9. Bg5 Be6 10. O-O h6
11. Bh4 g5 12. Bg3 O-O-O 13. b4 Bd6 14. Nbd2 Bxg3 15. fxg3 Ne4 16. Rc1 f5 17. a4 Qf6 18. Nd4 Ne7 19. b5 Rhf8 20. Bf3 Qe5
21. Re1 g4 22. Be2 Kb8 23. a5 h5 24. b6 a6 25. Bd3 Bd7 26. Qe2 Nc6 27. Nxc6+ Bxc6 28. Nb3 Rde8 29. Nd4 Qd6 30. Qf1 Qc5
31. Bxa6 bxa6 32. Qxa6 Re7 33. Qd3 Bb5 34. Qxb5 Qxb5 35. Nxb5 Rfe8 36. a6 Nc5 37. a7+ Kb7 38. Nd6+ Kxb6 39. Nxe8 Rxa7 40. Rcd1
1-0

[Event "Sicilian Thematic III - Smith Morra Gambit"]
[Site "SchemingMind.com"]
[Date "2006.01.16"]
[Round "-"]
[White "pietronagual"]
[Black "dinoladetto"]
[Result "1-0"]
[WhiteCountry "ESP"]
[BlackCountry "ITA"]
[WhiteElo "2179"]
[WhiteRD "162"]
[BlackElo "1799"]
[BlackRD "81"]
[GameID "36246"]

1. e4 c5 2. d4 e6 3. d5 e5 4. Nd2 Nf6 5. Bd3 d6 6. Ne2 Bd7 7. O-O b5 8. Nc3 a6 9. a4 b4 10. Ne2 a5
11. Bb5 Qb6 12. Nc4 Qb7 13. Qd3 Be7 14. Ng3 O-O 15. Bxd7 Nbxd7 16. Nf5 Nb8 17. Bh6 gxh6 18. Qg3+ Kh8 19. Qg7#
1-0

[Event "Sicilian Thematic III - Smith Morra Gambit"]
[Site "SchemingMind.com"]
[Date "2006.01.18"]
[Round "-"]
[White "doodledandy"]
[Black "Oskyrain"]
[Result "1-0"]
[WhiteCountry "CAN"]
[BlackCountry "ARG"]
[WhiteElo "2406"]
[WhiteRD "78"]
[BlackElo "2111"]
[BlackRD "83"]
[GameID "36554"]

1. e4 c5 2. d4 cxd4 3. Qxd4 Nc6 4. Qd1 Nf6 5. f3 d5 6. exd5 Nxd5 7. Nc3 Nxc3 8. Qxd8+ Nxd8 9. bxc3 e5 10. Be3 Be6
11. O-O-O Bxa2 12. Kb2 Be6 13. Nh3 Be7 14. f4 Nc6 15. fxe5 O-O 16. Nf4 Bg4 17. Ra1 Bg5 18. h3 Bf5 19. g3 a6 20. e6 fxe6
21. Bc4 b5 22. Bb3 b4 23. Nxe6 bxc3+ 24. Kxc3 Bxe3 25. Nxf8+ Kxf8 26. Raf1 Nd4 27. Kb2 Rb8 28. g4 a5 29. Ka2 g6 30. Rh2 Kg7
31. gxf5 gxf5 32. Ba4 Rb4 33. Bd7 f4 34. c3 Rb7 35. Rg2+ Kf6 36. Bc8 Rc7 37. cxd4 Rxc8 38. Rd1 Rd8 39. d5 Ke5 40. Rg7 Bd4
41. Rxh7 Rxd5 42. Re7+ Kd6 43. Re8 Bb6 44. Rde1 Be3 45. Rh8 Re5 46. Rf1 Kd5 47. h4
1-0

[Event "Sicilian Thematic III - Smith Morra Gambit"]
[Site "SchemingMind.com"]
[Date "2006.01.18"]
[Round "-"]
[White "doodledandy"]
[Black "KingPiece52"]
[Result "1-0"]
[WhiteCountry "CAN"]
[BlackCountry "USA"]
[WhiteElo "2388"]
[WhiteRD "68"]
[BlackElo "1144"]
[BlackRD "129"]
[GameID "36556"]

1. e4 c5 2. d4 e6 3. Nf3 cxd4 4. Nxd4 Nf6 5. Nc3 d6 6. g4 h6 7. h4 e5 8. Nf5 Bxf5 9. gxf5 Nc6 10. Be3 Qa5
11. Qd3 a6 12. O-O-O Nb4 13. Qc4 d5 14. exd5 Rd8 15. Bg2 b5 16. Qb3
1-0

[Event "Sicilian Thematic III - Smith Morra Gambit"]
[Site "SchemingMind.com"]
[Date "2006.01.20"]
[Round "-"]
[White "doodledandy"]
[Black "Brerrabbit"]
[Result "1-0"]
[WhiteCountry "CAN"]
[BlackCountry "SCO"]
[WhiteElo "2301"]
[WhiteRD "65"]
[BlackElo "1267"]
[BlackRD "73"]
[GameID "36557"]

1. e4 c5 2. d4 cxd4 3. c3 d5 4. exd5 Qxd5 5. cxd4 Qa5+ 6. Nc3 Nf6 7. Nf3 Ne4 8. Qb3 b6 9. Bb5+ Bd7 10. Qd5 Nxc3
11. Bxd7+ Nxd7 12. Qxa8+
1-0

[Event "Sicilian Thematic III - Smith Morra Gambit"]
[Site "SchemingMind.com"]
[Date "2006.01.23"]
[Round "-"]
[White "doodledandy"]
[Black "Casper"]
[Result "1-0"]
[WhiteCountry "CAN"]
[BlackCountry "AUS"]
[WhiteElo "2352"]
[WhiteRD "64"]
[BlackElo "1611"]
[BlackRD "111"]
[GameID "36558"]

1. e4 c5 2. d4 cxd4 3. Nf3 d6 4. Nxd4 e5 5. Bb5+ Nd7 6. Nf5 g6 7. Nxd6+ Bxd6 8. Qxd6 Qa5+ 9. Nc3 Nf6 10. Be3 Nxe4
11. Qxe5+
1-0

[Event "Sicilian Thematic III - Smith Morra Gambit"]
[Site "SchemingMind.com"]
[Date "2006.01.21"]
[Round "-"]
[White "doodledandy"]
[Black "KaliYuga"]
[Result "1-0"]
[WhiteCountry "CAN"]
[BlackCountry "IRL"]
[WhiteElo "2388"]
[WhiteRD "68"]
[BlackElo "1899"]
[BlackRD "65"]
[GameID "36559"]

1. e4 c5 2. d4 cxd4 3. c3 dxc3 4. Nxc3 Nc6 5. Nf3 d6 6. Bc4 a6 7. O-O b5 8. Bd5 Bb7 9. Nd4 Rc8 10. a4 Nf6
11. Nxc6 Bxc6 12. Bxc6+ Rxc6 13. axb5 axb5 14. Nxb5 e5 15. Bg5 Be7 16. Bxf6 Bxf6 17. Qd5 Qb6 18. Rac1 Rxc1 19. Nxd6+ Qxd6 20. Qxd6 Rxf1+
21. Kxf1 h5 22. Qb8+
1-0

[Event "Sicilian Thematic III - Smith Morra Gambit"]
[Site "SchemingMind.com"]
[Date "2006.01.19"]
[Round "-"]
[White "doodledandy"]
[Black "banong"]
[Result "1-0"]
[WhiteCountry "CAN"]
[BlackCountry "PHI"]
[WhiteElo "2403"]
[WhiteRD "67"]
[BlackElo "1819"]
[BlackRD "81"]
[GameID "36561"]

1. e4 c5 2. d4 cxd4 3. c3 dxc3 4. Nxc3 Nc6 5. Nf3 e6 6. Bf4 d6 7. Bc4 Be7 8. O-O Nf6 9. h3 O-O 10. Rc1 a6
11. Bb3 e5 12. Be3 Be6 13. Bxe6 fxe6 14. Ng5 Qd7 15. Qb3 d5 16. Nxe6 Na5 17. Nxf8 Nxb3 18. Nxd7 Nxc1 19. Nxf6+ Bxf6 20. Bxc1 d4
21. Nd5 Rc8 22. f4 exf4 23. Bxf4 Rc2 24. e5 Bd8 25. e6 Re2 26. Bd6 Bf6 27. Rc1 h6 28. Rc8+ Kh7 29. Nxf6+ gxf6 30. e7 d3
31. Kf1
1-0